| 000 | 00757nam a22002537a 4500 | ||
|---|---|---|---|
| 005 | 20170124105913.0 | ||
| 010 | _aB-058658 | ||
| 020 |
_c525.00 _a8170003237 |
||
| 035 | _aB-058658 | ||
| 037 | _bCen Lib/Ret | ||
| 040 |
_aDPL _bEN |
||
| 082 |
_a023 _bMAH |
||
| 100 |
_aMahapatra, R. K. _9113736 |
||
| 245 |
_aHuman resources management in libraaries / _cby P. K. Mahapatra |
||
| 246 | _b | ||
| 260 |
_bEss Ess Publications _c2002 _aNew Delhi |
||
| 270 |
_a4837/24, Ansari Road _bNew Delhi _e110002 |
||
| 300 |
_a233p. _c20cm(Hb) |
||
| 490 | _a | ||
| 500 | _aincludes bibliographical references and index | ||
| 650 |
_aLibrary Sciences _9113737 |
||
| 650 |
_aHuman Resources Management _9113738 |
||
| 942 |
_2ddc _cEN _h023 _mMAH |
||
| 999 |
_c122608 _d122608 |
||